01063cam a22002651 450000100100000000500170001000800410002701000130006803500190008104000250010004200120012505000160013710000380015324500610019126000410025230000390029349000540033250000500038650400320043665000510046891000340051995201110055395201160066499900170078000001214320200929162720.0771212s1967 ag ag b 000 0 spa  a68087208 a(OCoLC)3485975 aDO-SdBNPcFMFIUdDLC apremarc00aMT898b.T572 aTiraboschi de Grimm, Lita.92869713aEl movimiento inducido en el nino pequeno y sus agentes. aBuenos Aires, :bEl Ateneo,c[1967]. a215 p. :billus., music. ;c20 cm.0 aBiblioteca "Nuevas orientaciones de la educacion" aIncludes action songs, for piano, with words. aBibliography: p. [207]-212. 0aMusicxInstruction and studyxJuvenile.928698 aCatalogación por copia / LC 001052708MOaGRbGRcCTd2009-11-05iLF1l0o p12143-10r2020-06-25w2020-06-25y2ZPréstamo interno 001053728MOaGRbGRcCTd2009-11-05iLF1l0o p12143-20r2020-06-25te.2w2020-06-25y2ZPréstamo interno c11808d11808